000 00530nam a2200157Ia 4500
008 210716s2014 xx 000 0 und d
020 _a9789351340225
041 _aeng
082 _a658.84 JAYY
100 _aJayachandra, Y; Meshram, Snehal; Somayaji; Nanjunda; Krishnamoorthy; Sudarshan.
245 _aSmartphone frontiers: technologies applications and markets.
_bTechnologies applications and markets.
250 _a1
260 _aNew Delhi
_bMc Graw Hill Book Company
_c2014
300 _axiii,276
650 _aE-Commerce
999 _c209359
_d209359